| 000 | 00470nam a22001817a 4500 | ||
|---|---|---|---|
| 005 | 20260414110605.0 | ||
| 008 | 260414b |||||||| |||| 00| 0 eng d | ||
| 020 | _a9789403512419 | ||
| 050 |
_aKSK 80.C65R882019 _bC.1 |
||
| 100 | _aRUTENBERG,ISAAC | ||
| 245 | _aCYBER LAW IN KENYA | ||
| 250 | _a2ND EDITION | ||
| 260 |
_aNETHERLAND _bKLUWER LAW INTERNATIONAL _c2019 |
||
| 300 | _a369p | ||
| 500 | _aINCLUDES INDEX | ||
| 700 | _aRUTENBERG,ISAAC | ||
| 942 |
_2lcc _cBK |
||
| 999 |
_c216941 _d216941 |
||